| 000 | 00378nam a22001577a 4500 | ||
|---|---|---|---|
| 003 | OSt | ||
| 008 | 230509b |||||||| |||| 00| 0 eng d | ||
| 020 | _a9789355282002 | ||
| 041 | _aeng | ||
| 082 |
_a621.4021 _bMOY/EN |
||
| 100 |
_aMoyer, James ambrose _95450 |
||
| 245 | _aEngineering thermodynamics | ||
| 260 |
_aChennai _MMaxwell press _c2022 |
||
| 300 | _a203 | ||
| 942 | _cBBS | ||
| 999 |
_c17685 _d17685 |
||